00520nam a2200193 a 450000100090000000300040000900500170001300800410003001000130007102000150008404000180009908200190011710000360013624500390017226000420021130000280025350000210028165000240030214254166OSt20190329121641.0860324s1986 ilua 001 0 eng  a86060867 a089693814X aDLCcDLCdCDC aREF 230bR995B1 aRyrie, Charles Caldwell,d1925-10aBasic theology /cCharles C. Ryrie aWheaton, Ill. :bVictor Books,cc1986 a544 p. :bill. ;c24 cm aIncludes indexes 0aTheology, Doctrinal